000 01433nam a22002297a 4500
999 _c8226
_d8226
003 AR-CdUCM
008 190322b ||||| |||| 00| 0 spa d
040 _aMUNICIPALIDAD PROVINCIAL DEL CUSCO
_cBIBLIOTECA MUNICIPAL DEL CUSCO
082 _a869.56038 /
_bR63
100 _aRíos, Jorge
_923165
245 _aEl Camino /
260 _aCusco :
_bCentro
_cCentro Federado de Ciencias.
300 _a91 paginas ;
_c20 cm.
500 _a2da parte del libro Antologias
505 _aContenido: Ushanan Jampi / Enrique López Albújar -- La familia Pichilín / Carlos Camino -- El alfiler / Ventura García Calderón -- El caballero Carrmelo / Abraham Valdelomar -- Paco Yunque / César Vallejo -- El trompo / José Diez Canseco -- Maruja / Julián Huanay -- Duelo de caballeros / Ciro Alegría -- El bagrecico / Francisco Izquierdo Ríos -- La agonía de Rasu Ñiti / José María Arguedas -- Taita Cristo / Eleodoro Vargas Vicuña -- El suelo es una flor / Carlos Eduardo Zavaleta -- Loa gallinazos sin plumas / Julio Ramón Ribeyro -- El niño de junto al cielo / Enrique Congrains Martín -- Cara de ángel / Oswaldo Reynoso -- La creación del mundo / Antonio Gálvez Ronceros -- Día domingo / Mario Vargas Llosa -- Con Jimmy, en Paracas / Alfredo Bryce Echenique.
650 _aCuentos Peruanos
_933
650 _aColecciones
_9607
650 _aLiteratos
_9754
650 _aPerú
_935
942 _2ddc
_cLIBROS
945 _apjha